00337nam a2200121Ia 4500008004100000041000800041082001600049100002200065245004500087260004200132300003200174365000900206240624s9999 xx 000 0 und d aeng a330.973 BER aBERNSTEIN PETER L aPRICE OF PROSPERITY A REALISTIC APPRAISA c2008aNew JerseybJohn Wiley and Sons axxvi, : 143 : p. : cm. ; 20 cb30